Every Manchester United Goal Scorer in the 2013/14 Premier League - Statistics

General Stats
  • This quiz has been taken 20 times
  • The average score is 52 of 63
Answer Stats
Game Scorer % Correct
Crystal Palace (H) Rooney
100%
Crystal Palace (H) Rooney
100%
Manchester City (A) Rooney
100%
West Bromwich Albion (H) Rooney
100%
Stoke City (H) Rooney
100%
Fulham (A) Rooney
100%
Cardiff City (A) Rooney
100%
Tottenham Hotspur (A) Rooney
100%
Tottenham Hotspur (A) Rooney
100%
Hull City (A) Rooney
100%
Crystal Palace (A) Rooney
100%
West Bromwich Albion (A) Rooney
100%
West Ham United (A) Rooney
100%
West Ham United (A) Rooney
100%
Aston Villa (H) Rooney
100%
Aston Villa (H) Rooney
100%
Norwich City (H) Rooney
100%
Norwich City (H) Rooney
100%
Swansea City (A) van Persie
100%
Swansea City (A) van Persie
100%
Southampton (H) van Persie
100%
Stoke City (H) van Persie
100%
Fulham (A) van Persie
100%
Arsenal (H) van Persie
100%
Cardiff City (H) van Persie
100%
Stoke City (A) van Persie
100%
Fulham (H) van Persie
100%
Crystal Palace (A) van Persie
100%
Hull City (H) van Persie
100%
Swansea City (A) Welbeck
82%
Swansea City (A) Welbeck
82%
Aston Villa (A) Welbeck
82%
Aston Villa (A) Welbeck
82%
West Ham United (H) Welbeck
82%
Norwich City (A) Welbeck
82%
Tottenham Hotspur (H) Welbeck
82%
Swansea City (H) Welbeck
82%
West Bromwich Albion (A) Welbeck
82%
West Ham United (H) Young
82%
Cardiff City (H) Young
82%
Fulham (H) Carrick
76%
Cardiff City (A) Evra
76%
Hull City (A) Smalling
76%
Fulham (A) Valencia
76%
Swansea City (H) Valencia
76%
Stoke City (H) Hernandez
71%
Chelsea (A) Hernandez
71%
Aston Villa (H) Hernandez
71%
Newcastle United (A) Hernandez
71%
Aston Villa (H) Mata
65%
Newcastle United (A) Mata
65%
Newcastle United (A) Mata
65%
Norwich City (H) Mata
65%
Norwich City (H) Mata
65%
Southampton (A) Mata
65%
West Bromwich Albion (A) Jones
59%
Sunderland (A) Januzaj
53%
Sunderland (A) Januzaj
53%
West Ham United (H) Januzaj
53%
Newcastle United (A) Januzaj
53%
Aston Villa (A) Cleverley
41%
Hull City (H) Wilson
35%
Hull City (H) Wilson
35%
No matching quizzes found
Score Distribution
Percent of People with Each Score
Percentile by Number Answered
Your Score History
You have not taken this quiz